000 01062nam a22003137a 4500
001 BR8803413
003 BR-BrBNA
005 20230928092928.0
007 ta
008 230509b bl.||||| |||| 00| 0 por d
040 _aBR-BrBNA
_bpor
_cBiblioteca Nacional de Agricultura
041 _a(Por)
072 _aF04; F01; P33
_b3840
090 _ 3840 BR8803413
110 1 _aEmpresa Brasileira de Pesquisa Agropecuaria, Brasilia, DF (Brasil). Depto. de Estudos e Pesquisas
_93844
111 1 _a1. Seminario sobre o uso de Fosfogesso na Agricultura
_cBrasilia, DF (Brazil)
_d11-12 Jun 1985
245 1 _aAnais do 1. Seminario sobre o uso de Fosfogesso na Agricultura
246 1 _a[Annals of the 1st. Seminary on the use of Agricultural gypsum]
260 3 _aBrasilia, DF (Brasil):
_c1986.
300 _a296 p.
650 _aGESSO
650 _aFERTILIDADE DO SOLO
650 _aQUIMICA DO SOLO
650 _aACIDEZ DO SOLO
650 _aDEFICIENCIA HIDRICA
650 _aRECUPERACAO DO SOLO
909 _a202309
_bLucia
_c55
_dLucia Elande
942 _cBK
999 _c42042
_d42042